[Event "CZE-chT2A 1920"]
[Site "Czech Republic"]
[Date "2019.11.17"]
[Round "3.8"]
[White "Vavra, Stanislav"]
[Black "Rondos, Jakub"]
[Result "1/2-1/2"]
[WhiteElo "1978"]
[BlackElo "2080"]
[PlyCount "80"]
[EventDate "2019.10.13"]
[EventType "team-tourn"]
[EventRounds "11"]
[EventCountry "CZE"]
[SourceTitle "EXT 2024"]
[Source "ChessBase"]
[SourceDate "2023.10.10"]
[SourceVersion "1"]
[SourceVersionDate "2023.10.10"]
[SourceQuality "1"]
[WhiteTeam "Vlasim II"]
[BlackTeam "Pankrac II"]
[WhiteTeamCountry "CZE"]
[BlackTeamCountry "CZE"]

1. e4 c6 2. d4 d5 3. Nc3 dxe4 4. Nxe4 Nd7 5. Nf3 Ngf6 6. Nxf6+ Nxf6 7. Bc4 g6 8. Ne5 Nd5 9. 0-0 Bg7 10. Re1 0-0 11. Be3 Be6 12. Bb3 Nxe3 13. Rxe3 Bxb3 14. Rxb3 Qc7 15. Re3 Rad8 16. c3 c5 17. Nf3 e6 18. Qa4 a6 19. dxc5 Qxc5 20. Qc2 Qf5 21. Qxf5 gxf5 22. Kf1 Rd5 23. Rb1 Rfd8 24. Ree1 e5 25. Ke2 Kf8 26. Red1 Ke7 27. Rxd5 Rxd5 28. Rd1 Rxd1 29. Kxd1 b5 30. Kc2 Kd6 31. g3 Bh6 32. Nh4 Ke6 33. Ng2 e4 34. Nf4+ Ke5 35. Ne2 Bf8 36. Kd2 Bc5 37. Ke1 e3 38. fxe3 Bxe3 39. Nd4 Bxd4 40. cxd4+ Kxd4 1/2-1/2